00542nam a22001817a 4500010001300000020001400013035001300027037001800040040001200058082001600070100003500086245006600121260003900187270005100226300002700277650003900304650001700343 aB-012818 a818578760 aB-012818 bCen Lib / Ret aDPLbEN a181.45bNIR aSwami Niranjanananda Saraswati aOn the wings of the swan /cby Swami Niranjanananda Saraswati aBiharbBihar School of Yoga c1992 aG. K. Kejriwal Honorary Secretary biharbBihar a(pt 3. 144p)b24cm(Hb) aJUVENILE FICTION / Fantasy & Magic aFairy tales.